[Event "FIDE World Blitz 2014"]
[Site "Dubai UAE"]
[Date "2014.06.19"]
[Round "7.20"]
[White "Wojtaszek, Radoslaw"]
[Black "Gundavaa, Bayarsaikhan"]
[Result "0-1"]
[WhiteTitle "GM"]
[BlackTitle "GM"]
[WhiteElo "2715"]
[BlackElo "2501"]
[WhiteFideId "1118358"]
[BlackFideId "4901045"]
[EventDate "2014.06.19"]

1. d4 Nf6 2. c4 e6 3. Nc3 Bb4 4. Nf3 d5 5. e3 O-O 6. Bd3 c5 7. O-O cxd4 8. exd4
dxc4 9. Bxc4 b6 10. Bg5 Bb7 11. Re1 h6 12. Bh4 Nbd7 13. Rc1 Rc8 14. Bd3 Be7 15.
Bb1 Nh5 16. Qd3 Ndf6 17. Bxf6 Nxf6 18. Ne5 Re8 19. Re3 Bd6 20. Rce1 Bxe5 21.
Rxe5 Qd6 22. Rd1 Red8 23. Qe2 a6 24. h4 b5 25. a3 b4 26. axb4 Qxb4 27. d5 exd5
28. Rf5 Qxh4 29. g3 Qh3 30. Rd4 Re8 31. Qd1 Ne4 32. Rf4 Rxc3 33. bxc3 Nxc3 34.
Rh4 Qxh4 35. gxh4 Nxd1 36. Rxd1 a5 37. Kh2 a4 38. Kg3 a3 39. Rd3 Ra8 40. Ba2 Ra5
41. Rb3 Ba6 42. Rb8+ Kh7 43. Bb1+ g6 44. h5 a2 0-1

[Event "FIDE World Blitz 2014"]
[Site "Dubai UAE"]
[Date "2014.06.19"]
[Round "7.21"]
[White "Iturrizaga Bonelli, Eduardo"]
[Black "Debashis, Das"]
[Result "1-0"]
[WhiteTitle "GM"]
[BlackTitle "GM"]
[WhiteElo "2653"]
[BlackElo "2484"]
[WhiteFideId "3901211"]
[BlackFideId "5024854"]
[EventDate "2014.06.19"]

1. Nf3 d5 2. c4 e6 3. d4 Nf6 4. Nc3 Bb4 5. Bg5 Nbd7 6. cxd5 exd5 7. e3 c5 8. Be2
Qa5 9. O-O Bxc3 10. bxc3 c4 11. Qc2 Ne4 12. Rfc1 Nxg5 13. Nxg5 Nf6 14. Nf3 O-O
15. Rab1 Qc7 16. Ne5 Nd7 17. Qf5 Nxe5 18. Qxe5 Qxe5 19. dxe5 b6 20. f4 Bf5 21.
Rb5 Rfd8 22. Rd1 Be4 23. Bf3 Kf8 24. Rd4 Rac8 25. Kf2 Rc5 26. Rb2 Bxf3 27. gxf3
Ke7 28. Rbd2 Ke6 29. e4 g6 30. h4 b5 31. a3 a6 32. Ke3 Rd7 33. Rd1 Rd8 34. h5
Rd7 35. R1d2 Rd8 36. Rh2 Rd7 37. hxg6 hxg6 38. Rh8 Ke7 39. f5 dxe4 40. f6+ Ke6
41. Re8+ 1-0

[Event "FIDE World Blitz 2014"]
[Site "Dubai UAE"]
[Date "2014.06.19"]
[Round "7.25"]
[White "Anton Guijarro, David"]
[Black "Safarli, Eltaj"]
[Result "0-1"]
[WhiteTitle "GM"]
[BlackTitle "GM"]
[WhiteElo "2631"]
[BlackElo "2649"]
[WhiteFideId "2285525"]
[BlackFideId "13402129"]
[EventDate "2014.06.19"]

1. e4 e5 2. Nf3 Nc6 3. Bb5 a6 4. Ba4 d6 5. Bxc6+ bxc6 6. O-O Nf6 7. d4 exd4 8.
Qxd4 c5 9. Qd3 Be7 10. Nc3 O-O 11. Re1 Be6 12. b3 Nd7 13. Bb2 Bf6 14. Na4 Bxb2
15. Nxb2 a5 16. c4 Nb6 17. Nd1 a4 18. Ne3 axb3 19. axb3 Qf6 20. e5 dxe5 21. Qe4
Rxa1 22. Rxa1 Nd7 23. Ra7 Qf4 24. Qc6 h6 25. g3 Qf6 26. Rxc7 Rb8 27. Nd2 Nf8 28.
Qxc5 Rd8 29. Qb4 Bh3 30. Qc3 Qg6 31. Ra7 Ne6 32. Ra1 Nd4 33. Re1 Qh5 34. Qa5 Ne6
35. Ne4 Qf3 36. Nc5 Re8 37. Nxe6 Rxe6 38. Qd5 e4 39. Qd8+ Kh7 40. Qh4 Bf5 41.
Qf4 Bg6 42. Qxf3 exf3 43. b4 Ra6 44. g4 Ra4 45. b5 Bd3 46. Rc1 h5 47. h3 h4 48.
b6 Rb4 49. c5 Be4 50. Nc4 f5 51. Nd6 Bd3 52. b7 fxg4 53. c6 g3 54. c7 Rb2 55.
c8=Q Rxf2 56. Qf5+ Bxf5 57. Nxf5 Rg2+ 58. Kh1 Rh2+ 59. Kg1 f2+ 60. Kf1 Rh1+ 61.
Ke2 Rxc1 62. Ne3 Rb1 0-1

[Event "FIDE World Blitz 2014"]
[Site "Dubai UAE"]
[Date "2014.06.19"]
[Round "7.27"]
[White "Korobov, Anton"]
[Black "Bartel, Mateusz"]
[Result "0-1"]
[WhiteTitle "GM"]
[BlackTitle "GM"]
[WhiteElo "2680"]
[BlackElo "2641"]
[WhiteFideId "14105730"]
[BlackFideId "1112635"]
[EventDate "2014.06.19"]

1. d4 f5 2. g3 Nf6 3. Bg2 g6 4. Nf3 Bg7 5. O-O O-O 6. c4 d6 7. Nc3 c6 8. b3 Na6
9. Ba3 Rb8 10. Qd3 Bd7 11. Rac1 Qa5 12. Bb2 Rbe8 13. a3 e5 14. b4 Qc7 15. dxe5
dxe5 16. e4 f4 17. Nb5 cxb5 18. cxb5 Qb8 19. bxa6 bxa6 20. Rc5 Bb5 21. Qb3+ Kh8
22. Bxe5 Rxe5 23. Nxe5 fxg3 24. hxg3 Bxf1 25. Kxf1 Qe8 26. Bf3 Nxe4 27. Bxe4
Bxe5 28. Qd3 Qf7 29. Rc2 Qf6 30. Kg2 Bd4 31. f4 Bb6 32. Kf3 Rd8 33. Qc3 Qxc3+
34. Rxc3 a5 35. b5 Kg7 36. g4 Rd7 37. g5 Rc7 38. Rd3 Re7 39. Rd8 Bxd8 0-1

[Event "FIDE World Blitz 2014"]
[Site "Dubai UAE"]
[Date "2014.06.19"]
[Round "7.29"]
[White "Jobava, Baadur"]
[Black "Savchenko, Boris"]
[Result "1-0"]
[WhiteTitle "GM"]
[BlackTitle "GM"]
[WhiteElo "2713"]
[BlackElo "2581"]
[WhiteFideId "13601520"]
[BlackFideId "4147332"]
[EventDate "2014.06.19"]

1. d4 Nf6 2. Nc3 d5 3. Bf4 a6 4. Nf3 Bg4 5. Ne5 Bf5 6. e3 e6 7. g4 Bg6 8. h4 h6
9. Nxg6 fxg6 10. Bd3 Kf7 11. Qf3 Bb4 12. Ke2 Ke7 13. g5 hxg5 14. hxg5 Nfd7 15.
Bxc7 Qxc7 16. Rxh8 Bxc3 17. bxc3 Qxc3 18. Rb1 b5 19. Bxg6 Ra7 20. Rxb8 e5 21.
Re8+ Kd6 22. dxe5+ Kc5 23. Rc8+ Kb6 1-0

[Event "FIDE World Blitz 2014"]
[Site "Dubai UAE"]
[Date "2014.06.19"]
[Round "7.30"]
[White "Eljanov, Pavel"]
[Black "Vakhidov, Jahongir"]
[Result "0-1"]
[WhiteTitle "GM"]
[BlackTitle "IM"]
[WhiteElo "2723"]
[BlackElo "2471"]
[WhiteFideId "14102951"]
[BlackFideId "14201801"]
[EventDate "2014.06.19"]

1. d4 g6 2. c4 Bg7 3. Nf3 d6 4. Nc3 Nf6 5. e4 O-O 6. Be2 Bg4 7. O-O Nfd7 8. Be3
a6 9. Ng5 Bxe2 10. Qxe2 Nc6 11. Nf3 e5 12. Rad1 Re8 13. d5 Ne7 14. b4 h6 15. Ne1
a5 16. a3 axb4 17. axb4 f5 18. f3 Ra3 19. Qb2 Ra8 20. c5 Nf6 21. Nd3 g5 22. b5
g4 23. b6 cxb6 24. cxd6 Nc8 25. Kh1 f4 26. Bg1 Nh5 27. fxg4 Ng3+ 28. hxg3 fxg3
29. Nf2 gxf2 30. Bxf2 Qxd6 31. Nb5 Qd7 32. Be3 Ra4 33. Nc3 Rc4 34. Rf5 Nd6 35.
Bxb6 Rec8 36. Ne2 Nxf5 37. gxf5 Rxe4 38. Ng3 Rh4+ 39. Kg1 Qa4 40. Rf1 Rf4 41.
Be3 Rxf1+ 42. Nxf1 Qe4 43. Qxb7 Qxf5 44. d6 Rd8 45. Qc7 Rd7 46. Qc4+ Qf7 47.
Qc8+ Kh7 48. Qc6 Qe6 49. Bc5 e4 50. Ne3 Rf7 51. Qd5 Qxd5 52. Nxd5 Be5 53. Nb6 e3
54. d7 e2 55. Bb4 Bd4+ 56. Kh2 Bxb6 0-1

[Event "FIDE World Blitz 2014"]
[Site "Dubai UAE"]
[Date "2014.06.19"]
[Round "7.31"]
[White "Kasimdzhanov, Rustam"]
[Black "Shyam, Sundar M."]
[Result "1/2-1/2"]
[WhiteTitle "GM"]
[BlackTitle "GM"]
[WhiteElo "2700"]
[BlackElo "2468"]
[WhiteFideId "14200244"]
[BlackFideId "5019141"]
[EventDate "2014.06.19"]

1. e4 c6 2. Nc3 d5 3. Nf3 Nf6 4. e5 Ne4 5. Ne2 Qb6 6. d4 e6 7. Ng3 c5 8. Bd3
Nxg3 9. hxg3 Nc6 10. dxc5 Bxc5 11. O-O h6 12. c3 Bd7 13. b4 Be7 14. Be3 Qc7 15.
Re1 Nxe5 16. Nxe5 Qxe5 17. Bd4 Qc7 18. Bxg7 Rg8 19. Be5 Bd6 20. Bf6 Be7 21. Qf3
Bc6 22. b5 Bd7 23. Bxe7 Kxe7 24. Qxd5 Rg5 25. Qe4 Rag8 26. c4 b6 27. a4 Qc5 28.
Qe3 Qxe3 29. Rxe3 a5 30. bxa6 Ra5 31. Rb1 Rb8 32. Be2 Rxa4 33. c5 b5 34. Reb3
Rxa6 35. Bxb5 Bxb5 36. Rxb5 Rxb5 37. Rxb5 Ra1+ 38. Kh2 Rc1 39. g4 Rc3 40. f3 Kf6
41. Kg3 Rc2 42. Ra5 Kg6 43. Kh3 Kf6 44. g3 Kg6 45. f4 Kf6 46. Rb5 Kg6 1/2-1/2

[Event "FIDE World Blitz 2014"]
[Site "Dubai UAE"]
[Date "2014.06.19"]
[Round "7.33"]
[White "Salem, A.R. Saleh"]
[Black "Georgiev, Kiril"]
[Result "1-0"]
[WhiteTitle "GM"]
[BlackTitle "GM"]
[WhiteElo "2581"]
[BlackElo "2644"]
[WhiteFideId "9301348"]
[BlackFideId "2900017"]
[EventDate "2014.06.19"]

1. d4 d5 2. c4 c6 3. Nf3 Nf6 4. Nc3 dxc4 5. e4 b5 6. e5 Nd5 7. a4 e6 8. Be2 Be7
9. O-O O-O 10. Ne4 Nd7 11. Bg5 Bxg5 12. Nfxg5 h6 13. Nh3 a5 14. Ra3 f5 15. Nd6
Rb8 16. Rg3 Kh7 17. Bh5 g5 18. f4 g4 19. Bxg4 fxg4 20. Qxg4 Rg8 21. Ng5+ Rxg5
22. fxg5 Qxg5 23. Qe4+ 1-0

[Event "FIDE World Blitz 2014"]
[Site "Dubai UAE"]
[Date "2014.06.19"]
[Round "7.34"]
[White "Vahidov, Tair"]
[Black "Volokitin, Andrei"]
[Result "1/2-1/2"]
[WhiteTitle "GM"]
[BlackTitle "GM"]
[WhiteElo "2446"]
[BlackElo "2638"]
[WhiteFideId "14200155"]
[BlackFideId "14107090"]
[EventDate "2014.06.19"]

1. c4 g6 2. d4 Nf6 3. Nf3 Bg7 4. Nc3 d5 5. cxd5 Nxd5 6. Qb3 Nxc3 7. bxc3 O-O 8.
e3 c5 9. Be2 b6 10. O-O Bb7 11. dxc5 Nd7 12. cxb6 axb6 13. Ba3 Rc8 14. Nd4 Nc5
15. Bxc5 Rxc5 16. Rab1 e5 17. Nf3 Bd5 18. c4 Be4 19. Qxb6 Ra5 20. Qxd8 Rxd8 21.
Rbd1 Rda8 22. Ng5 Bc2 23. Rd2 Rxa2 24. Bf3 Bb3 25. Rxa2 Rxa2 26. Bd5 Ra7 27.
Nxf7 Rxf7 28. Rb1 Ba4 29. c5 Kf8 30. Rb8+ Be8 31. Bxf7 Kxf7 32. Rb7+ Kf8 33. Rb8
Ke7 34. Rb7+ Kf8 35. Rb8 Ke7 36. Rb7+ Kf8 37. Rb8 Ke7 1/2-1/2

[Event "FIDE World Blitz 2014"]
[Site "Dubai UAE"]
[Date "2014.06.19"]
[Round "7.35"]
[White "Matlakov, Maxim"]
[Black "Yu, Yangyi"]
[Result "1-0"]
[WhiteTitle "GM"]
[BlackTitle "GM"]
[WhiteElo "2689"]
[BlackElo "2675"]
[WhiteFideId "4168003"]
[BlackFideId "8603820"]
[EventDate "2014.06.19"]

1. Nf3 Nf6 2. g3 d5 3. Bg2 c6 4. O-O Bf5 5. c4 e6 6. cxd5 exd5 7. d3 Be7 8. Qb3
Qb6 9. Qc2 O-O 10. Nc3 d4 11. Na4 Qd8 12. Nc5 Qd6 13. b4 Bc8 14. Bf4 Qd8 15. Be5
a5 16. a3 Nd5 17. Bxd4 axb4 18. axb4 Rxa1 19. Rxa1 b6 20. Na4 Bb7 21. Qb2 f6 22.
e4 Nxb4 23. Bxb6 Qxd3 24. Bc5 Bxc5 25. Nxc5 Qb5 26. Qb3+ 1-0

[Event "FIDE World Blitz 2014"]
[Site "Dubai UAE"]
[Date "2014.06.19"]
[Round "7.36"]
[White "Maletin, Pavel"]
[Black "Najer, Evgeniy"]
[Result "0-1"]
[WhiteTitle "GM"]
[BlackTitle "GM"]
[WhiteElo "2588"]
[BlackElo "2653"]
[WhiteFideId "4146786"]
[BlackFideId "4118987"]
[EventDate "2014.06.19"]

1. Nf3 d5 2. g3 Bg4 3. Bg2 c6 4. c4 e6 5. O-O Nf6 6. d3 dxc4 7. dxc4 Nbd7 8. Nc3
Qa5 9. h3 Bxf3 10. exf3 Nb6 11. f4 Nxc4 12. Qe2 Nd6 13. b4 Qxb4 14. Bd2 Qc4 15.
Qf3 Nf5 16. Rfc1 Ba3 17. Bf1 Qc5 18. Ne4 Qe7 19. Nxf6+ gxf6 20. Rc4 Bc5 21. Bc3
Bb6 22. a4 Rd8 23. Rb1 O-O 24. a5 Bd4 25. Be1 Rd5 26. Bd3 Nd6 27. Rc2 Kh8 28. a6
bxa6 29. Rxc6 a5 30. Bc2 Bb6 31. Bc3 Rg8 32. Kh1 Rg7 33. Ba1 h6 34. Bb3 Rc5 35.
Rxc5 Bxc5 36. Bc2 Bb6 37. Kg2 Rg8 38. Qh5 Kg7 39. Qg4+ Kf8 40. Qh4 Kg7 41. Rd1
Nf5 42. Qg4+ Kh8 43. Qh5 Qb7+ 44. Kh2 Rg6 45. Bxf5 exf5 46. Qe2 Qe4 47. Qd2 Kh7
48. Qa2 Qe6 49. Qc2 Qe4 50. Qa2 Qe6 51. Qc2 Rg8 52. Rd6 Qxd6 53. Qxf5+ Rg6 54.
h4 Bd4 55. Bxd4 Qxd4 56. h5 Qxf2+ 57. Kh1 Qf3+ 0-1

[Event "FIDE World Blitz 2014"]
[Site "Dubai UAE"]
[Date "2014.06.19"]
[Round "7.37"]
[White "Riazantsev, Alexander"]
[Black "Hansen, Eric"]
[Result "1-0"]
[WhiteTitle "GM"]
[BlackTitle "GM"]
[WhiteElo "2692"]
[BlackElo "2584"]
[WhiteFideId "4125029"]
[BlackFideId "2606771"]
[EventDate "2014.06.19"]

1. d4 Nf6 2. c4 g6 3. Nc3 d5 4. Bf4 Bg7 5. e3 c5 6. dxc5 Qa5 7. Rc1 dxc4 8. Bxc4
O-O 9. Ne2 Nc6 10. Qb3 Nd7 11. Qb5 Nxc5 12. O-O a6 13. Qxa5 Nxa5 14. Nd5 Bxb2
15. Rc2 Bf5 16. Nxe7+ Kg7 17. Nxf5+ gxf5 18. Bxf7 Rxf7 19. Rxc5 Nc6 20. Rb1 Rd8
21. Ng3 Ba3 22. Rxf5 b5 23. h4 Rxf5 24. Nxf5+ Kg6 25. e4 Rd3 26. g4 h5 27. gxh5+
Kxh5 28. Kg2 Nb4 29. Bd6 a5 30. e5 Kg6 31. Ne7+ Kf7 32. h5 Rd4 33. h6 Rg4+ 34.
Kf3 Rh4 35. Nf5 Rh5 36. Kg4 Kg6 37. Ne7+ Kxh6 38. Nf5+ Kg6 39. Nh4+ Rxh4+ 40.
Kxh4 Kf5 41. Rb3 Bc1 42. Bxb4 axb4 43. Rxb4 1-0

[Event "FIDE World Blitz 2014"]
[Site "Dubai UAE"]
[Date "2014.06.19"]
[Round "7.38"]
[White "Amin, Bassem"]
[Black "Durarbayli, Vasif"]
[Result "1-0"]
[WhiteTitle "GM"]
[BlackTitle "GM"]
[WhiteElo "2635"]
[BlackElo "2590"]
[WhiteFideId "10601457"]
[BlackFideId "13402935"]
[EventDate "2014.06.19"]

1. Nf3 c5 2. g3 Nc6 3. Bg2 g6 4. O-O Bg7 5. d3 d5 6. e4 dxe4 7. dxe4 Qxd1 8.
Rxd1 Bg4 9. Re1 Rc8 10. c3 Nf6 11. Nbd2 h6 12. Nc4 Be6 13. Bf1 Ng4 14. h3 Nge5
15. Nfxe5 Nxe5 16. Nxe5 Bxe5 17. f4 Bb8 18. Be3 f6 19. Red1 Kf7 20. Kf2 b6 21.
g4 Rcd8 22. f5 Bc8 23. Bc4+ e6 24. a4 a5 25. b4 axb4 26. cxb4 Be5 27. Rab1 Rxd1
28. Rxd1 gxf5 29. exf5 cxb4 30. Bxb6 h5 31. fxe6+ Kg6 32. e7 Re8 33. Rd8 Rxe7
34. Rxc8 hxg4 35. hxg4 Bf4 36. a5 Kg5 37. Rg8+ Kh4 38. Kf3 Bh6 39. Rh8 1-0

[Event "FIDE World Blitz 2014"]
[Site "Dubai UAE"]
[Date "2014.06.19"]
[Round "7.39"]
[White "Al-Modiahki, Mohamad"]
[Black "Mchedlishvili, Mikheil"]
[Result "0-1"]
[WhiteTitle "GM"]
[BlackTitle "GM"]
[WhiteElo "2549"]
[BlackElo "2632"]
[WhiteFideId "12100030"]
[BlackFideId "13600966"]
[EventDate "2014.06.19"]

1. e4 c5 2. Nc3 e6 3. f4 Nc6 4. Nf3 a6 5. g3 b5 6. Bg2 Bb7 7. O-O d6 8. d3 Nf6
9. h3 Be7 10. g4 Nd7 11. Be3 Qc7 12. Qd2 b4 13. Ne2 a5 14. Ng3 g6 15. c3 a4 16.
cxb4 Nxb4 17. f5 Ba6 18. fxe6 fxe6 19. Bg5 Qd8 20. Bh6 Nxd3 21. Ng5 Bxg5 22.
Bxg5 Qb6 23. Kh2 Qxb2 24. Qe3 Qe5 25. Bh6 Qd4 26. Qd2 N3e5 27. Qa5 Nf7 28. Rad1
Qb4 29. Qc7 Bxf1 30. Rxf1 Qb8 31. Qxb8+ Rxb8 32. Bg7 Rg8 33. Bc3 Nfe5 34. Rd1
Ke7 35. Nf1 Nc4 36. Ng3 Rgf8 37. Kg1 Nde5 0-1

[Event "FIDE World Blitz 2014"]
[Site "Dubai UAE"]
[Date "2014.06.19"]
[Round "7.40"]
[White "Glek, Igor"]
[Black "Nielsen, Peter Heine"]
[Result "0-1"]
[WhiteTitle "GM"]
[BlackTitle "GM"]
[WhiteElo "2438"]
[BlackElo "2654"]
[WhiteFideId "4100484"]
[BlackFideId "1400355"]
[EventDate "2014.06.19"]

1. e4 c5 2. Nf3 d6 3. c3 Nf6 4. h3 Bd7 5. Bd3 Bc6 6. Qe2 e6 7. Bc2 Be7 8. d4
Nbd7 9. O-O O-O 10. Nbd2 Rc8 11. e5 Nd5 12. exd6 Bxd6 13. Ne4 Be7 14. dxc5 Nxc5
15. Ne5 Be8 16. Rd1 Qc7 17. Nxc5 Bxc5 18. Re1 Bd6 19. Bd2 a6 20. Bd3 Bxe5 21.
Qxe5 Qxe5 22. Rxe5 Bb5 23. Be4 Bc6 24. Bxd5 Bxd5 25. Ree1 Rfd8 26. Be3 f6 27. a4
Bb3 28. a5 e5 29. f4 e4 30. Bd4 Bc2 31. Kf2 Rd5 32. Ke3 Rb5 33. b4 Bd3 34. g4
Kf7 35. Ra2 h5 36. Rg2 hxg4 37. Rxg4 Rh8 38. Rg3 Rbh5 39. Rh1 R8h7 40. Rh2 Ke6
41. Bc5 Kd5 42. Bf8 g6 43. Bc5 Ke6 44. Bd4 Kf5 45. Bc5 Rh4 46. Bd6 Rd7 47. Bc5
Bc4 48. Bd4 Rxf4 49. Rf2 Rxf2 50. Kxf2 Rh7 51. Ke3 Bd3 52. Kf2 g5 53. Kg2 Kg6
54. Re3 f5 55. Re1 f4 0-1

[Event "FIDE World Blitz 2014"]
[Site "Dubai UAE"]
[Date "2014.06.19"]
[Round "7.41"]
[White "Lenic, Luka"]
[Black "Kovalev, Vladislav"]
[Result "1-0"]
[WhiteTitle "GM"]
[BlackTitle "GM"]
[WhiteElo "2659"]
[BlackElo "2554"]
[WhiteFideId "14603853"]
[BlackFideId "13504398"]
[EventDate "2014.06.19"]

1. d4 Nf6 2. c4 g6 3. Nc3 Bg7 4. e4 d6 5. f3 O-O 6. Be3 c5 7. Nge2 Nc6 8. Qd2 e6
9. Rd1 cxd4 10. Nxd4 d5 11. Nxc6 bxc6 12. Be2 Bb7 13. e5 Nd7 14. f4 f6 15. exf6
Qxf6 16. O-O Rae8 17. c5 Rf7 18. Bg4 Ba6 19. Rfe1 e5 20. Bxd7 Rxd7 21. fxe5 Rxe5
22. Bd4 Rxe1+ 23. Qxe1 Qxd4+ 24. Rxd4 Bxd4+ 25. Kh1 Rf7 26. Qe8+ Kg7 27. h3 Rf1+
28. Kh2 Bg1+ 29. Kg3 Bf2+ 30. Kh2 Bg1+ 31. Kg3 Bf2+ 32. Kg4 Bxc5 33. Qxc6 h5+
34. Kg3 Bf2+ 35. Kf4 Bd4+ 36. Kg3 Be5+ 37. Kh4 Bf6+ 38. Kg3 Be5+ 39. Kh4 Bf6+
40. Kg3 Be5+ 41. Kh4 Bf6+ 42. Kg3 Be5+ 43. Kh4 Bf6+ 44. Kg3 Be5+ 45. Kh4 Bf6+
46. Kg3 Be5+ 47. Kh4 Bf6+ 48. Kg3 Be5+ 49. Kh4 Bf6+ 50. Kg3 Be5+ 51. Kh4 Rf6 52.
Qd7+ Rf7 53. Qxd5 Bf4 54. Qd4+ Rf6 55. Ne4 g5+ 56. Kxh5 Be2+ 57. g4 1-0

[Event "FIDE World Blitz 2014"]
[Site "Dubai UAE"]
[Date "2014.06.19"]
[Round "7.42"]
[White "Salgado Lopez, Ivan"]
[Black "Goloshchapov, Alexander"]
[Result "1-0"]
[WhiteTitle "GM"]
[BlackTitle "GM"]
[WhiteElo "2622"]
[BlackElo "2586"]
[WhiteFideId "2257327"]
[BlackFideId "14103222"]
[EventDate "2014.06.19"]

1. e4 e6 2. d4 d5 3. Nd2 dxe4 4. Nxe4 Nd7 5. Nf3 Ngf6 6. Nxf6+ Nxf6 7. c3 Bd6 8.
Bd3 O-O 9. Bg5 h6 10. Bh4 c5 11. dxc5 Bxc5 12. Qc2 Qc7 13. Rd1 Rd8 14. O-O b6
15. Bh7+ Kh8 16. Rxd8+ Qxd8 17. Rd1 Qc7 18. Bg3 Qb7 19. Rd8+ 1-0

[Event "FIDE World Blitz 2014"]
[Site "Dubai UAE"]
[Date "2014.06.19"]
[Round "7.43"]
[White "Ringoir, Tanguy"]
[Black "Ipatov, Alexander"]
[Result "1/2-1/2"]
[WhiteTitle "IM"]
[BlackTitle "GM"]
[WhiteElo "2506"]
[BlackElo "2613"]
[WhiteFideId "208027"]
[BlackFideId "14116731"]
[EventDate "2014.06.19"]

1. d4 d5 2. c4 c6 3. cxd5 cxd5 4. Nf3 Nc6 5. Nc3 a6 6. Bf4 Nf6 7. Rc1 e6 8. e3
Be7 9. h3 O-O 10. Bd3 Bd7 11. O-O Qa5 12. a3 Rfc8 13. Ne5 Nxe5 14. dxe5 Ne8 15.
Bb1 Qd8 16. e4 dxe4 17. Bxe4 Bc6 18. Qb3 Bxe4 19. Nxe4 Qd5 20. Qxd5 exd5 21. Nc3
Nc7 22. Rfd1 d4 23. Rxd4 Ne6 24. Rd7 Bxa3 25. bxa3 Nxf4 26. Rcd1 Ne6 27. Nd5 Rd8
28. Rxb7 g5 29. Nf6+ Kg7 30. Rxd8 Rxd8 31. Rb6 Rd1+ 32. Kh2 Rd2 33. Ne4 Re2 34.
Rb4 a5 35. Ra4 h5 36. h4 gxh4 37. Nc3 Rxf2 38. Rxh4 Rc2 39. Ne4 Rc4 40. g3 Ra4
41. Nd6 Rxh4+ 42. gxh4 Nd4 43. Nc4 a4 44. Nb2 Nf3+ 45. Kg3 Nxe5 46. Nxa4 Nc4 47.
Nc5 Nxa3 48. Nd3 Nc4 49. Kf4 Kg6 50. Nc5 Nb6 51. Ke4 Nc8 52. Kf4 Ne7 53. Nd3 Nc6
54. Nc5 Nd4 55. Nd3 f6 56. Ne1 Ne6+ 57. Ke4 Nc5+ 58. Kf4 Ne6+ 59. Ke4 Nc5+ 60.
Kf4 Kf7 61. Kf5 Nb7 62. Ng2 Nd6+ 63. Kf4 Ke6 64. Ne3 f5 65. Nc2 Nb5 66. Ne3 Nd4
67. Nc4 Kf6 68. Ne3 Ne6+ 69. Kf3 Ke5 70. Nc4+ Kd5 71. Nd6 Ke5 72. Nc4+ Kf6 73.
Nd6 Nf8 74. Ne8+ Kf7 75. Nd6+ Ke6 76. Ne8 Kf7 77. Nd6+ Kg6 78. Kf4 Ne6+ 79. Ke5
Ng7 80. Nc4 Ne8 81. Ne3 1/2-1/2

[Event "FIDE World Blitz 2014"]
[Site "Dubai UAE"]
[Date "2014.06.19"]
[Round "7.45"]
[White "Sriram, Jha"]
[Black "Zhigalko, Sergei"]
[Result "1-0"]
[WhiteTitle "GM"]
[BlackTitle "GM"]
[WhiteElo "2375"]
[BlackElo "2678"]
[WhiteFideId "5001668"]
[BlackFideId "13502956"]
[EventDate "2014.06.19"]

1. Nf3 Nf6 2. g3 b5 3. Bg2 Bb7 4. O-O e6 5. a4 b4 6. d3 d5 7. a5 Be7 8. Nbd2 O-O
9. Re1 c5 10. c3 Na6 11. Qc2 Rc8 12. e4 c4 13. d4 Nxe4 14. Nxe4 dxe4 15. Ne5 f6
16. Ng4 f5 17. Ne3 Nc7 18. Nxc4 Nd5 19. a6 Ba8 20. Qb3 Qc7 21. Bf1 Rb8 22. Qc2
Rfc8 23. Bd2 Qd8 24. Rec1 Bf6 25. Qd1 bxc3 26. bxc3 Qc7 27. Ne3 Kh8 28. Nxd5
Bxd5 29. Bf4 Qe7 30. Bxb8 Rxb8 31. Rab1 Rf8 32. c4 Ba8 33. d5 Bg5 34. d6 Qd7 35.
Rc3 f4 36. c5 e3 37. fxe3 Qc6 38. Rb7 fxe3 39. Qg4 h6 40. Be2 Qd5 41. h4 Bf6 42.
Rd3 Qa2 43. d7 Bxb7 44. axb7 1-0

[Event "FIDE World Blitz 2014"]
[Site "Dubai UAE"]
[Date "2014.06.19"]
[Round "7.46"]
[White "Al Qudaimi, Basheer"]
[Black "Inarkiev, Ernesto"]
[Result "0-1"]
[WhiteTitle "IM"]
[BlackTitle "GM"]
[WhiteElo "2396"]
[BlackElo "2682"]
[WhiteFideId "9400346"]
[BlackFideId "4162722"]
[EventDate "2014.06.19"]

1. e4 c5 2. Nf3 e6 3. d4 cxd4 4. Nxd4 a6 5. Nc3 d6 6. g3 b5 7. Bg2 Bb7 8. O-O
Nd7 9. Re1 Rc8 10. a3 Be7 11. h3 Qc7 12. g4 Nb6 13. f4 Nf6 14. g5 Nfd7 15. Kh1
g6 16. f5 e5 17. Nb3 gxf5 18. exf5 Bxg2+ 19. Kxg2 Rg8 20. h4 h6 21. Qh5 hxg5 22.
hxg5 Nf6 23. Qh4 Kd7 24. Kf1 Rh8 25. Qg3 Qc4+ 26. Kg1 Rcg8 27. Nd2 Qd4+ 28. Kf1
Nh5 29. Qg2 Rxg5 30. Qb7+ Ke8 31. Nf3 Ng3+ 32. Kg2 Qg4 33. Kf2 Rxf5 34. Bd2 Rh2+
35. Ke3 Qf4+ 36. Kd3 Qxf3+ 37. Qxf3 Rxf3+ 38. Re3 Rxd2+ 39. Kxd2 Nc4+ 40. Kd1
Nxe3+ 41. Kd2 Nc4+ 42. Kd1 0-1

[Event "FIDE World Blitz 2014"]
[Site "Dubai UAE"]
[Date "2014.06.19"]
[Round "7.48"]
[White "Kryvoruchko, Yuriy"]
[Black "Omar, Noaman"]
[Result "0-1"]
[WhiteTitle "GM"]
[BlackTitle "IM"]
[WhiteElo "2707"]
[BlackElo "2366"]
[WhiteFideId "14109182"]
[BlackFideId "9300244"]
[EventDate "2014.06.19"]

1. e4 c6 2. d4 d5 3. e5 Bf5 4. Nf3 e6 5. Be2 c5 6. Be3 cxd4 7. Nxd4 Ne7 8. Nc3
a6 9. h4 h5 10. Bxh5 Nbc6 11. f4 Nxd4 12. Bxd4 Nc6 13. Bf3 Rxh4 14. g3 Rxh1+ 15.
Bxh1 Rc8 16. Bf2 g5 17. a3 gxf4 18. gxf4 Na5 19. Bxd5 exd5 20. Nxd5 Be7 21. Bb6
Bh4+ 22. Kf1 Qd7 23. Bxa5 Qb5+ 24. Kg1 Qxa5 25. c4 Qc5+ 26. Kh1 Be4+ 27. Kh2
Qf2+ 28. Kh3 Qg3# 0-1

[Event "FIDE World Blitz 2014"]
[Site "Dubai UAE"]
[Date "2014.06.19"]
[Round "7.49"]
[White "Ganguly, Surya Shekhar"]
[Black "Faisal, Abdulla"]
[Result "1-0"]
[WhiteTitle "GM"]
[BlackTitle "CM"]
[WhiteElo "2619"]
[BlackElo "2270"]
[WhiteFideId "5002150"]
[BlackFideId "9301232"]
[EventDate "2014.06.19"]

1. e4 c5 2. Nf3 e6 3. d4 cxd4 4. Nxd4 a6 5. Be2 Nf6 6. Nc3 Qc7 7. O-O Nc6 8. Be3
Bb4 9. Na4 Bd6 10. Nxc6 dxc6 11. Nb6 Rb8 12. g3 Nxe4 13. Qd4 Nf6 14. Nc4 Be7 15.
Bf4 Qd7 16. Rad1 Qxd4 17. Rxd4 Ra8 18. Rd3 Nd5 19. Rxd5 exd5 20. Nb6 Bh3 21.
Nxa8 Bxf1 22. Kxf1 Bd8 23. Bg4 g6 24. Bc8 b5 25. Bd6 Bf6 26. Nb6 Bxb2 27. Bd7+
Kd8 28. Bxc6 Bd4 29. Nxd5 Bg7 30. Ke2 f5 31. Kd3 h5 32. h4 g5 33. Be7+ Kc8 34.
Bxg5 Bh6 35. Bf6 Rf8 36. f4 Rf7 37. Be5 Bg7 38. Be8 Ra7 39. Bd6 Bh6 40. Bc5 Rh7
41. Bg6 Rh8 42. Bxf5+ 1-0